[Event "CGC KO 2022"]
[Site "chess.com INT"]
[Date "2022.11.02"]
[Round "4.4"]
[White "Nihal, Sarin"]
[Black "Sevian, Samuel"]
[Result "1/2-1/2"]
[WhiteTitle "GM"]
[BlackTitle "GM"]
[WhiteElo "2677"]
[BlackElo "2684"]
[WhiteFideId "25092340"]
[BlackFideId "2040506"]
[EventDate "2022.09.14"]
[EventType "k.o."]

1. d4 Nf6 2. Bf4 d5 3. e3 c5 4. c3 Qb6 5. Qb3 Nc6 6. Nd2 e6 7. Ngf3 Be7 8. Be2
O-O 9. O-O Bd7 10. h3 Rfc8 11. Rfc1 h6 12. Bh2 Be8 13. Qc2 a5 14. Qb3 Qxb3 15.
axb3 b6 16. Kf1 Bd8 17. Ne1 Bc7 18. Bxc7 Rxc7 19. Bb5 Ne7 20. Bxe8 Nxe8 21. Nd3
c4 22. bxc4 dxc4 23. Nf4 Nd6 24. e4 b5 25. Ke2 a4 26. g4 Nb7 27. Ng2 e5 28. f4
exd4 29. cxd4 Nc6 30. d5 Nb4 31. Ne1 Nc5 32. Kf3 Re8 33. Ra3 Rce7 34. d6 Rd7 35.
e5 f6 36. Nxc4 bxc4 37. Rxc4 Nba6 38. Re3 fxe5 39. fxe5 Rf7+ 40. Kg3 Rb7 41. Nf3
Rxb2 42. e6 Rbb8 43. Nd4 Rbd8 44. d7 Nxd7 45. Rxa4 Nac5 46. Ra7 Nf6 47. Nf5
Nce4+ 48. Kf3 Rxe6 49. Rxg7+ Kf8 50. Rg6 Ng5+ 51. Ke2 Rxe3+ 52. Kxe3 Nd5+ 53.
Kf2 Nxh3+ 54. Kg3 Ndf4 55. Rxh6 Rd3+ 56. Kh4 Ng2+ 57. Kh5 Ra3 58. Rf6+ Ke8 59.
g5 Nhf4+ 60. Kg4 Nd5 61. Re6+ Kf7 62. Rd6 Nde3+ 63. Nxe3 Nxe3+ 64. Kh5 Ra1 65.
g6+ Ke7 66. Rb6 Rh1+ 67. Kg5 Rg1+ 68. Kh5 Nd5 69. Rb7+ Ke6 70. g7 Ne7 71. Kh4
Rxg7 72. Kh3 Rg8 73. Rb6+ Ke5 74. Rb5+ Nd5 75. Ra5 Ke4 76. Ra4+ Kf3 77. Ra3+ Ne3
78. Kh4 Rg4+ 79. Kh5 Rg1 80. Rb3 Ke4 81. Ra3 Nd5 82. Kh6 Kf5 83. Ra5 Ke5 84. Kh5
Ke4 85. Kh6 Ne7 86. Kh5 Nc6 87. Rb5 Ne5 88. Rb8 Rf1 89. Kh4 Rh1+ 90. Kg3 Rg1+
91. Kf2 Rg7 92. Rb4+ Kd3 93. Ra4 Nc4 94. Ra8 Rf7+ 95. Kg3 Ne5 96. Ra3+ Kd4 97.
Ra4+ Ke3 98. Ra3+ Nd3 99. Kg4 Rf1 100. Kg5 Kd4 101. Ra4+ Kd5 102. Ra5+ Nc5 103.
Kg4 Kd4 104. Ra8 Ne6 105. Ra4+ Ke5 106. Ra5+ Ke4 107. Ra4+ Nd4 108. Kg5 Rf5+
109. Kg6 Rd5 110. Kf6 Kf4 111. Rb4 Rd6+ 112. Kf7 Kf5 113. Ke7 Ke5 114. Rb1 Nf5+
115. Kf7 Rd7+ 116. Ke8 Ra7 117. Re1+ Kf6 118. Kd8 Ne7 119. Rf1+ Ke6 120. Re1+
Kd6 121. Rd1+ Nd5 1/2-1/2

[Event "CGC KO 2022"]
[Site "chess.com INT"]
[Date "2022.11.03"]
[Round "4.5"]
[White "Giri, Anish"]
[Black "Radjabov, Teimour"]
[Result "1-0"]
[WhiteTitle "GM"]
[BlackTitle "GM"]
[WhiteElo "2764"]
[BlackElo "2747"]
[WhiteFideId "24116068"]
[BlackFideId "13400924"]
[EventDate "2022.09.14"]
[EventType "k.o."]

1. e4 e5 2. Nf3 Nc6 3. Bc4 Bc5 4. O-O Nf6 5. d3 a6 6. c3 Ba7 7. a4 h6 8. Nbd2 d6
9. Re1 Ng4 10. Re2 Ne7 11. Nf1 Ng6 12. Ng3 O-O 13. h3 Nf6 14. Bb3 Re8 15. d4 Bd7
16. Re1 Qc8 17. Be3 Bc6 18. Bc2 a5 19. b4 axb4 20. cxb4 Nf4 21. Qd2 g5 22. dxe5
dxe5 23. Bxa7 Rxa7 24. Nf5 Kh7 25. h4 Qd7 26. Qe3 b6 27. b5 Bb7 28. Rad1 Qe6 29.
Bb3 Qc8 30. Bxf7 Bxe4 31. Bxe8 Qxf5 32. Bd7 Qg6 33. Nxe5 Qg7 34. Qxe4+ 1-0

[Event "CGC KO 2022"]
[Site "chess.com INT"]
[Date "2022.11.03"]
[Round "4.5"]
[White "Sevian, Samuel"]
[Black "Nihal, Sarin"]
[Result "0-1"]
[WhiteTitle "GM"]
[BlackTitle "GM"]
[WhiteElo "2684"]
[BlackElo "2677"]
[WhiteFideId "2040506"]
[BlackFideId "25092340"]
[EventDate "2022.09.14"]
[EventType "k.o."]

1. d4 Nf6 2. c4 e6 3. Nf3 d5 4. Nc3 dxc4 5. e4 b5 6. e5 Nd5 7. Nxb5 Nb6 8. Be3
Nc6 9. Be2 Be7 10. Nc3 Rb8 11. a3 Na5 12. Qc2 Bb7 13. Rd1 Qd7 14. h4 h6 15. Rh3
Nd5 16. Bd2 Nb3 17. Bxc4 Nxd2 18. Qxd2 Nb6 19. Bd3 Bxf3 20. gxf3 h5 21. f4 g6
22. Kf1 Kf8 23. Qc1 a5 24. d5 Nxd5 25. Nxd5 Qxd5 26. Bxg6 Qb7 27. Bd3 Rg8 28.
Rh2 Qxb2 29. Qxc7 Rd8 30. Be2 Rxd1+ 31. Bxd1 Qb5+ 32. Ke1 Rg1+ 33. Kd2 Qd5+ 0-1

[Event "CGC KO 2022"]
[Site "chess.com INT"]
[Date "2022.11.03"]
[Round "4.5"]
[White "So, Wesley"]
[Black "Andreikin, Dmitry"]
[Result "1-0"]
[WhiteTitle "GM"]
[BlackTitle "GM"]
[WhiteElo "2771"]
[BlackElo "2729"]
[WhiteFideId "5202213"]
[BlackFideId "4158814"]
[EventDate "2022.09.14"]
[EventType "k.o."]

1. d4 d5 2. c4 e6 3. Nc3 c5 4. cxd5 cxd4 5. Qa4+ Bd7 6. Qxd4 exd5 7. Qxd5 Nf6 8.
Qd1 Bc5 9. Nf3 Nc6 10. a3 Qe7 11. Bg5 O-O-O 12. e3 Bf5 13. Qa4 h6 14. Bf4 Nh5
15. Be2 g5 16. Bg3 Nxg3 17. hxg3 Bxe3 18. fxe3 Qxe3 19. Rd1 g4 20. Rxd8+ Rxd8
21. Qf4 Qxf4 22. gxf4 gxf3 23. Bxf3 Nd4 24. Rxh6 Nxf3+ 25. gxf3 Bg6 26. Ke2 Kd7
27. Ne4 Rc8 28. Kd2 Ke7 29. Rh2 Rd8+ 30. Ke3 Rd1 31. Rd2 Rb1 32. Nd6 b6 33. Nc8+
Kf6 34. Nxa7 Kf5 35. Rd5+ Ke6 36. Rd2 Re1+ 37. Kf2 Rb1 38. Nc8 b5 39. Nd6 b4 40.
axb4 Rh1 41. f5+ Bxf5 42. Nxf5 Kxf5 43. Ke3 Re1+ 44. Re2 Rd1 45. Rd2 Re1+ 46.
Kd4 Kf4 47. Rd3 Re8 48. b5 Rc8 49. b6 Rb8 50. Rb3 1-0

[Event "CGC KO 2022"]
[Site "chess.com INT"]
[Date "2022.11.03"]
[Round "4.6"]
[White "Andreikin, Dmitry"]
[Black "So, Wesley"]
[Result "1/2-1/2"]
[WhiteTitle "GM"]
[BlackTitle "GM"]
[WhiteElo "2729"]
[BlackElo "2771"]
[WhiteFideId "4158814"]
[BlackFideId "5202213"]
[EventDate "2022.09.14"]
[EventType "k.o."]

1. b4 d5 2. Bb2 Bg4 3. h3 Bh5 4. g4 Bg6 5. Nf3 c6 6. e3 f6 7. b5 e5 8. d4 e4 9.
Nfd2 Bd6 10. c4 Ne7 11. Qa4 Nd7 12. Ba3 Bxa3 13. Qxa3 O-O 14. Nc3 f5 15. Rb1 Nb6
16. c5 Nd7 17. Ne2 fxg4 18. hxg4 Qc7 19. Nf4 Bf7 20. Be2 g5 21. Nh5 Ng6 22. Qb2
Rab8 23. Ng3 Nh4 24. Nf5 Nxf5 25. gxf5 Kg7 26. a4 Nf6 27. b6 axb6 28. cxb6 Qd7
29. a5 Qxf5 30. Nb3 Nd7 31. Nc5 h5 32. a6 bxa6 33. b7 Nxc5 34. dxc5+ Kh6 35. Qb6
Bg6 36. Qxc6 Qxf2+ 37. Kd1 Rf6 38. Qc7 Qxe3 39. Qxb8 Qd4+ 40. Ke1 Qc3+ 41. Kd1
Qd4+ 42. Ke1 Qc3+ 43. Kd1 Qd4+ 1/2-1/2

[Event "CGC KO 2022"]
[Site "chess.com INT"]
[Date "2022.11.03"]
[Round "4.6"]
[White "Nihal, Sarin"]
[Black "Sevian, Samuel"]
[Result "1-0"]
[WhiteTitle "GM"]
[BlackTitle "GM"]
[WhiteElo "2677"]
[BlackElo "2684"]
[WhiteFideId "25092340"]
[BlackFideId "2040506"]
[EventDate "2022.09.14"]
[EventType "k.o."]

1. e4 e5 2. Nf3 Nc6 3. d4 exd4 4. Nxd4 Nf6 5. Nxc6 bxc6 6. Nd2 Bc5 7. Nb3 Bb6 8.
e5 Qe7 9. Qe2 Nd5 10. c4 Nb4 11. a3 Na6 12. h4 h6 13. Bd2 Rb8 14. O-O-O O-O 15.
Bc3 d6 16. exd6 Qxe2 17. Bxe2 cxd6 18. Na5 Re8 19. Bf3 Bxa5 20. Bxa5 d5 21. cxd5
cxd5 22. b4 Bf5 23. Rxd5 Rbc8+ 24. Kb2 Rc2+ 25. Kb3 Bh7 26. Re1 Rb8 27. Rd8+
Rxd8 28. Bxd8 Bf5 29. Re8+ Kh7 30. Re5 Rd2 31. Rxf5 Rd3+ 32. Kc4 Rxd8 33. Rxf7
Rc8+ 34. Kb3 1-0

[Event "CGC KO 2022"]
[Site "chess.com INT"]
[Date "2022.11.03"]
[Round "4.6"]
[White "Radjabov, Teimour"]
[Black "Giri, Anish"]
[Result "1-0"]
[WhiteTitle "GM"]
[BlackTitle "GM"]
[WhiteElo "2747"]
[BlackElo "2764"]
[WhiteFideId "13400924"]
[BlackFideId "24116068"]
[EventDate "2022.09.14"]
[EventType "k.o."]

1. Nf3 d5 2. d4 Nf6 3. c4 e6 4. Nc3 Bb4 5. g3 O-O 6. Bg2 dxc4 7. O-O Nc6 8. Re1
Rb8 9. e4 b5 10. Bf4 Be7 11. a3 a6 12. Qd2 e5 13. Nxe5 Nxd4 14. Rad1 c5 15. Nxf7
Rxf7 16. Bxb8 Bg4 17. Bf4 Bxd1 18. Rxd1 Nh5 19. Be3 Nf3+ 20. Bxf3 Qxd2 21. Rxd2
Rxf3 22. Rd7 Kf8 23. e5 Ke8 24. Ra7 g5 25. Nd5 Bd8 26. Bxc5 Rd3 27. Nc3 Rd7 28.
Rxa6 Rd2 29. Ra7 Rxb2 30. Rxh7 Ba5 31. Nd5 Re2 32. Nf6+ Kd8 33. Bd6 Nxf6 34.
exf6 Bb6 35. Rb7 c3 36. Rxb6 c2 37. Rc6 Kd7 38. Rc3 Kxd6 39. Kg2 g4 40. h3 gxh3+
41. Kxh3 Rxf2 42. Kg4 Rxf6 43. Rxc2 Kd5 44. Rb2 Kc4 45. Rb4+ Kc5 46. Rf4 Rg6+
47. Kh4 Ra6 48. Rf3 Rh6+ 49. Kg5 Rh8 50. g4 Rg8+ 51. Kh4 Rh8+ 52. Kg3 Rg8 53.
Rf5+ Kb6 54. g5 Ka5 55. Kg4 Ka4 56. Rf3 Rc8 57. g6 1-0

[Event "CGC KO 2022"]
[Site "chess.com INT"]
[Date "2022.11.03"]
[Round "4.7"]
[White "Giri, Anish"]
[Black "Radjabov, Teimour"]
[Result "0-1"]
[WhiteTitle "GM"]
[BlackTitle "GM"]
[WhiteElo "2764"]
[BlackElo "2747"]
[WhiteFideId "24116068"]
[BlackFideId "13400924"]
[EventDate "2022.09.14"]
[EventType "k.o."]

1. e4 e6 2. d4 d5 3. Nc3 dxe4 4. Nxe4 b6 5. Nf3 Bb7 6. Bb5+ c6 7. Bd3 Nf6 8.
Nxf6+ gxf6 9. Bf4 Nd7 10. Qe2 b5 11. O-O-O Nb6 12. Kb1 Nd5 13. Bd2 Qb6 14. g4
O-O-O 15. g5 Be7 16. h4 b4 17. Ka1 c5 18. dxc5 Qxc5 19. Rhg1 Kb8 20. Rg4 a5 21.
Rc4 Qd6 22. gxf6 Bxf6 23. Ng5 Qe7 24. Ne4 Nb6 25. Nxf6 Nxc4 26. Bf4+ Ka8 27. Ng4
Qc5 28. Bg5 Rd7 29. Re1 Rc8 30. Nf6 Rdc7 31. Nxh7 f5 32. Nf6 Qd4 33. Bxc4 Rxc4
34. Rd1 Qc5 35. Qxe6 Rxc2 36. Qe1 Bc6 37. h5 a4 38. Qe6 Bb7 39. Qe3 Qxe3 40.
Bxe3 f4 41. Bxf4 Rxf2 42. Be5 Bf3 43. Rg1 Bxh5 44. Nxh5 Rf5 45. Bd6 Rxh5 46.
Bxb4 Rg5 47. Rb1 Rc2 48. a3 Rgg2 49. Bc3 Kb7 50. Rd1 Kc6 51. Rd4 Rc1+ 52. Ka2
Rxc3 0-1

[Event "CGC KO 2022"]
[Site "chess.com INT"]
[Date "2022.11.03"]
[Round "4.7"]
[White "Sevian, Samuel"]
[Black "Nihal, Sarin"]
[Result "1/2-1/2"]
[WhiteTitle "GM"]
[BlackTitle "GM"]
[WhiteElo "2684"]
[BlackElo "2677"]
[WhiteFideId "2040506"]
[BlackFideId "25092340"]
[EventDate "2022.09.14"]
[EventType "k.o."]

1. d4 d5 2. c4 e6 3. Nc3 h6 4. Nf3 Nf6 5. e3 Bd6 6. b3 O-O 7. Bb2 b6 8. Bd3 Bb7
9. O-O Nbd7 10. Rc1 a6 11. Rc2 Re8 12. cxd5 exd5 13. Ne2 Nf8 14. Ng3 Ne6 15. Ne5
c5 16. f4 Rc8 17. Nf5 Bf8 18. Qe1 cxd4 19. Qg3 g5 20. fxg5 Nxg5 21. Bxd4 Rxc2
22. Bxc2 Bc8 23. Nc6 Nh5 24. Qh4 Qc7 25. Qxh5 Qxc6 26. h4 Qxc2 27. hxg5 Bxf5 28.
gxh6 Be6 29. Qe5 Qh7 30. Rf3 Bg4 31. Qxe8 Bxf3 32. gxf3 Qg6+ 33. Kf2 Qc2+ 34.
Kg3 Qg6+ 35. Kf2 Qc2+ 36. Kf1 Qb1+ 37. Kg2 Qg6+ 38. Kf2 1/2-1/2

[Event "CGC KO 2022"]
[Site "chess.com INT"]
[Date "2022.11.03"]
[Round "4.8"]
[White "Nihal, Sarin"]
[Black "Sevian, Samuel"]
[Result "1/2-1/2"]
[WhiteTitle "GM"]
[BlackTitle "GM"]
[WhiteElo "2677"]
[BlackElo "2684"]
[WhiteFideId "25092340"]
[BlackFideId "2040506"]
[EventDate "2022.09.14"]
[EventType "k.o."]

1. d4 g6 2. e4 Bg7 3. Nf3 d6 4. Bc4 a6 5. O-O e6 6. Re1 h6 7. c3 Nd7 8. Nbd2 Ne7
9. Bd3 e5 10. dxe5 dxe5 11. Bc2 O-O 12. Nf1 b6 13. Ng3 Bb7 14. Be3 Qe8 15. Qe2
Nc8 16. Nd2 h5 17. h3 a5 18. Rad1 Qe7 19. f3 Nc5 20. Qf2 Ne6 21. Bd3 Nf4 22.
Bxf4 exf4 23. Ne2 Bh6 24. Nd4 Bg5 25. Qe2 Bh4 26. Rf1 Na7 27. Ba6 Bxa6 28. Qxa6
Rfd8 29. Qe2 a4 30. a3 Bf6 31. Nc2 Nc6 32. Qb5 Ne5 33. Nb4 Ra5 34. Qe2 c6 35.
Kh1 b5 36. c4 Qe6 37. cxb5 Rxb5 38. Nb1 Rdb8 39. Nc3 Ra5 40. Rc1 Kg7 41. Rfd1
Nc4 42. Nd3 g5 43. Nb4 Ne3 44. Rd2 g4 45. Nd1 c5 46. Nd5 Bg5 47. N1xe3 fxe3 48.
Nxe3 Rb3 49. Nf5+ Kh7 50. Rd6 Bxc1 51. Rxe6 fxe6 52. Qd1 exf5 53. Qd7+ Kg8 54.
Qe8+ Kg7 55. Qd7+ Kg6 56. Qxf5+ Kh6 57. Qf6+ Kh7 58. Qf7+ Kh6 59. Qf6+ Kh7 60.
Qf7+ Kh6 61. Qf6+ 1/2-1/2

[Event "CGC KO 2022"]
[Site "chess.com INT"]
[Date "2022.11.03"]
[Round "4.8"]
[White "Radjabov, Teimour"]
[Black "Giri, Anish"]
[Result "1/2-1/2"]
[WhiteTitle "GM"]
[BlackTitle "GM"]
[WhiteElo "2747"]
[BlackElo "2764"]
[WhiteFideId "13400924"]
[BlackFideId "24116068"]
[EventDate "2022.09.14"]
[EventType "k.o."]

1. d4 Nf6 2. c4 e6 3. Nf3 d5 4. Nc3 Bb4 5. Bg5 h6 6. Bxf6 Qxf6 7. cxd5 exd5 8.
e3 O-O 9. Bd3 c6 10. O-O Nd7 11. a3 Bd6 12. e4 dxe4 13. Nxe4 Qe7 14. Re1 Nf6 15.
Nxd6 Qxd6 16. Qb3 Be6 17. Qxb7 Rfb8 18. Qa6 Rxb2 19. Rac1 Rb6 1/2-1/2

[Event "CGC KO 2022"]
[Site "chess.com INT"]
[Date "2022.11.03"]
[Round "4.9"]
[White "Radjabov, Teimour"]
[Black "Giri, Anish"]
[Result "0-1"]
[WhiteTitle "GM"]
[BlackTitle "GM"]
[WhiteElo "2747"]
[BlackElo "2764"]
[WhiteFideId "13400924"]
[BlackFideId "24116068"]
[EventDate "2022.09.14"]
[EventType "k.o."]

1. d4 Nf6 2. Nf3 g6 3. Bg5 Bg7 4. Nbd2 h6 5. Bh4 O-O 6. c3 d6 7. e3 c5 8. h3
cxd4 9. exd4 Nc6 10. Bc4 Qb6 11. Qb3 Qc7 12. Qa3 e5 13. O-O Nh5 14. Rac1 g5 15.
Bg3 Bf5 16. Bh2 Nf4 17. Rfe1 Rfe8 18. dxe5 dxe5 19. Ne4 Rad8 20. b4 a5 21. Qb3
axb4 22. cxb4 Qe7 23. a3 Nd4 24. Nxd4 Rxd4 25. Qf3 Bg6 26. Nc5 b6 27. Nb3 Rd6
28. Bb5 Red8 29. Bxf4 gxf4 30. Qxf4 exf4 31. Rxe7 Bb2 32. Rcc7 Bxa3 33. Bc4 Bxb4
34. Bxf7+ Kf8 35. Bxg6 Rd1+ 36. Kh2 Bxe7 37. Rc4 Bd6 38. Nd4 f3+ 0-1

[Event "CGC KO 2022"]
[Site "chess.com INT"]
[Date "2022.11.04"]
[Round "5.1"]
[White "Giri, Anish"]
[Black "Nihal, Sarin"]
[Result "1-0"]
[WhiteTitle "GM"]
[BlackTitle "GM"]
[WhiteElo "2764"]
[BlackElo "2677"]
[WhiteFideId "24116068"]
[BlackFideId "25092340"]
[EventDate "2022.09.14"]
[EventType "k.o."]

1. e4 c5 2. Nf3 Nc6 3. Bb5 e6 4. O-O Nge7 5. d4 cxd4 6. Nxd4 Ng6 7. Be3 Be7 8.
c3 O-O 9. Nd2 a6 10. Bd3 b5 11. Qh5 Bb7 12. Nxc6 dxc6 13. Bc2 c5 14. f4 c4 15.
f5 Ne5 16. fxe6 f6 17. Nf3 g6 18. Qh3 Nd3 19. Qg4 Bc5 20. Bxc5 Nxc5 21. Nd4 Qe7
22. b4 cxb3 23. axb3 Bc8 24. b4 Bxe6 25. Qd1 Bc4 26. bxc5 Bxf1 27. Kxf1 f5 28.
Bb3+ Kh8 29. Ne6 Rad8 30. Nxd8 Rxd8 31. Bd5 Qxc5 32. Qf3 Qd6 33. Kg1 Qe5 34. Rf1
fxe4 35. Bxe4 Rc8 36. Qf6+ Qxf6 37. Rxf6 a5 38. Rb6 Rc5 39. Bf3 a4 40. Be2 a3
41. Ra6 Rxc3 42. Bxb5 Rc1+ 43. Bf1 Rc3 44. h3 Kg7 45. Kh2 Rb3 46. Bc4 Rc3 47.
Ra7+ Kf6 48. Bg8 h5 49. Ra6+ Kg7 50. Bd5 h4 51. Be4 Rg3 52. Bf3 Rg5 53. Ra7+ Kf6
54. Rxa3 Rc5 55. Ra6+ Kg7 56. Rc6 Re5 57. Rc4 g5 58. Rd4 Kf6 59. Rd6+ Kf5 60.
Rd5 Rxd5 61. Bxd5 g4 62. hxg4+ Kxg4 63. Bf3+ 1-0

[Event "CGC KO 2022"]
[Site "chess.com INT"]
[Date "2022.11.04"]
[Round "5.2"]
[White "Nihal, Sarin"]
[Black "Giri, Anish"]
[Result "1-0"]
[WhiteTitle "GM"]
[BlackTitle "GM"]
[WhiteElo "2677"]
[BlackElo "2764"]
[WhiteFideId "25092340"]
[BlackFideId "24116068"]
[EventDate "2022.09.14"]
[EventType "k.o."]

1. d4 Nf6 2. Nf3 g6 3. Nbd2 d5 4. b3 Bg7 5. Bb2 O-O 6. e3 b6 7. c4 Bb7 8. Be2
Nbd7 9. O-O c5 10. Rc1 Rc8 11. h3 cxd4 12. Nxd4 dxc4 13. Nxc4 Ne4 14. Bf3 Ndf6
15. Qe2 Ba6 16. Rfd1 Qc7 17. a4 Qb8 18. Nb5 Ng5 19. Be5 Nxf3+ 20. Qxf3 Qa8 21.
Qxa8 Rxa8 22. Nca3 Bxb5 23. Nxb5 a6 24. Nc7 Ra7 25. Rc6 Ne8 26. Bxg7 Nxg7 27.
Rdc1 Nf5 28. g4 Nd6 29. Nd5 Ne4 30. Nxb6 f5 31. Rc8 Rb7 32. a5 fxg4 33. hxg4 Kf7
34. Kg2 h5 35. gxh5 gxh5 36. Rxf8+ Kxf8 37. Rc8+ Kf7 38. b4 Ra7 39. f3 Nf6 40.
e4 h4 41. Kh3 Nd7 42. Kxh4 Ne5 43. Kg3 e6 44. Rc3 Kf6 45. f4 Rg7+ 46. Kf2 Ng4+
47. Ke2 Rh7 48. Rc6 Rh3 49. Nd7+ Ke7 50. Nc5 e5 51. fxe5 Rh2+ 52. Ke1 Ne3 53.
Rxa6 Nc2+ 54. Kf1 Nxb4 55. Re6+ Kf7 56. Rb6 Nc2 57. a6 Ne3+ 58. Ke1 Nc2+ 59. Kf1
Ne3+ 60. Kg1 Rg2+ 61. Kh1 Rc2 62. a7 Ra2 63. Ra6 1-0

[Event "CGC KO 2022"]
[Site "chess.com INT"]
[Date "2022.11.04"]
[Round "5.3"]
[White "Giri, Anish"]
[Black "Nihal, Sarin"]
[Result "1/2-1/2"]
[WhiteTitle "GM"]
[BlackTitle "GM"]
[WhiteElo "2764"]
[BlackElo "2677"]
[WhiteFideId "24116068"]
[BlackFideId "25092340"]
[EventDate "2022.09.14"]
[EventType "k.o."]

1. e4 Nc6 2. Nf3 d6 3. d4 Nf6 4. Nc3 g6 5. Be3 Bg7 6. d5 Nb8 7. Qd2 c6 8. Bh6
Bxh6 9. Qxh6 Qb6 10. O-O-O Bg4 11. Bc4 Bxf3 12. gxf3 Nbd7 13. dxc6 bxc6 14. f4
Qxf2 15. Rhe1 Ng4 16. Qg7 Qxf4+ 17. Kb1 O-O-O 18. Rf1 Qe5 19. Rxf7 Kc7 20. Rxe7
Qxg7 21. Rxg7 Ne5 22. Be6 Rde8 23. Bxd7 Nxd7 24. b3 Reg8 25. Re7 Re8 26. Rg7
Reg8 27. Re7 Re8 28. Rg7 1/2-1/2

[Event "CGC KO 2022"]
[Site "chess.com INT"]
[Date "2022.11.04"]
[Round "5.4"]
[White "Nihal, Sarin"]
[Black "Giri, Anish"]
[Result "1/2-1/2"]
[WhiteTitle "GM"]
[BlackTitle "GM"]
[WhiteElo "2677"]
[BlackElo "2764"]
[WhiteFideId "25092340"]
[BlackFideId "24116068"]
[EventDate "2022.09.14"]
[EventType "k.o."]

1. d4 Nf6 2. Nf3 g6 3. Nbd2 d5 4. b3 Bg7 5. Bb2 O-O 6. e3 b6 7. c4 Bb7 8. Be2
Nbd7 9. O-O c5 10. Rc1 Rc8 11. h3 dxc4 12. Bxc4 Ne8 13. Qe2 Nd6 14. Ba6 Bxa6 15.
Qxa6 b5 16. Ne5 Nxe5 17. dxe5 Qb6 18. Qxb6 axb6 19. a4 bxa4 20. bxa4 Rc6 21. Bc3
Ne8 22. Nc4 Nc7 23. Rfd1 b5 24. axb5 Nxb5 25. Ba5 Ra6 26. Rd7 Bxe5 27. Nxe5 Rxa5
28. Rxc5 Ra1+ 29. Kh2 Nd6 30. Rxe7 Ra2 31. Nd3 Rd2 32. Rd5 Re8 33. Rxe8+ Nxe8
34. Kg3 h5 35. Kf3 Nf6 36. Rd4 Kf8 37. g4 hxg4+ 38. hxg4 Ke7 39. g5 Nd7 40. Ke4
Rc2 41. Kf3 Nc5 42. Nb4 Rb2 43. Nd5+ Ke6 44. Nf4+ Ke7 45. Rd5 Nd7 46. Nd3 Rc2
47. Rd4 Rc6 48. Nb4 Rc5 49. Nd5+ Ke6 50. Ke4 f5+ 51. gxf6 Rxd5 52. Rxd5 Nxf6+
53. Kf4 Nxd5+ 54. Kg5 Kf7 55. e4 Nf6 56. f3 Kg7 57. Kf4 Nd7 58. Kg5 Nc5 59. Kf4
Kf6 60. Kg4 Ne6 61. f4 Nd4 62. f5 Nxf5 63. exf5 g5 64. Kg3 Kxf5 65. Kf3 g4+ 66.
Kg3 Kg5 67. Kg2 Kf4 68. Kf2 g3+ 69. Kg2 Kg4 70. Kg1 Kf4 71. Kg2 Kg4 72. Kg1 Kg5
73. Kg2 Kf4 74. Kg1 Kg4 75. Kg2 Kh4 76. Kg1 Kh5 77. Kg2 Kg4 1/2-1/2

[Event "CGC KO 2022"]
[Site "chess.com INT"]
[Date "2022.11.05"]
[Round "5.5"]
[White "Giri, Anish"]
[Black "Nihal, Sarin"]
[Result "1-0"]
[WhiteTitle "GM"]
[BlackTitle "GM"]
[WhiteElo "2764"]
[BlackElo "2677"]
[WhiteFideId "24116068"]
[BlackFideId "25092340"]
[EventDate "2022.09.14"]
[EventType "k.o."]

1. e4 Nc6 2. Nf3 d6 3. d4 Nf6 4. Nc3 g6 5. Be3 Bg7 6. Qd2 O-O 7. d5 Nb8 8. Bh6
c6 9. O-O-O Bg4 10. h4 Nbd7 11. h5 Bxh5 12. Bxg7 Kxg7 13. e5 dxe5 14. dxc6 bxc6
15. Rxh5 gxh5 16. Nxe5 Nxe5 17. Qg5+ Ng6 18. Rxd8 Rfxd8 19. Qc5 Rd6 20. b3 h4
21. a4 Re6 22. Kb2 a5 23. Bd3 h6 24. Ne2 Ne5 25. Bf5 Ned7 26. Qc4 Nb6 27. Qd3
Re5 28. Bh3 Nbd5 29. Nd4 e6 30. Nxc6 Rg5 31. Qd4 Ra6 32. Ne5 Rb6 33. c4 Rb4 34.
Nc6 e5 35. Qa7 Nf4 36. Nd8 Nh7 37. Nxf7 Kf6 38. Nxg5 Nxg5 39. Qxa5 Ne4 40. Qd8+
Kf7 41. a5 Nxf2 42. a6 N2d3+ 43. Kc3 e4 44. a7 Ne2+ 45. Kd2 1-0

[Event "CGC KO 2022"]
[Site "chess.com INT"]
[Date "2022.11.05"]
[Round "5.6"]
[White "Nihal, Sarin"]
[Black "Giri, Anish"]
[Result "1-0"]
[WhiteTitle "GM"]
[BlackTitle "GM"]
[WhiteElo "2677"]
[BlackElo "2764"]
[WhiteFideId "25092340"]
[BlackFideId "24116068"]
[EventDate "2022.09.14"]
[EventType "k.o."]

1. d4 Nf6 2. c4 e6 3. Bf4 d5 4. cxd5 Nxd5 5. Bg3 c5 6. e4 Nf6 7. Nd2 cxd4 8. e5
Nd5 9. Ngf3 Nc6 10. a3 Nde7 11. Bd3 Nf5 12. Bf4 Be7 13. g4 Nh4 14. Nxh4 Bxh4 15.
Nf3 Be7 16. Qe2 a5 17. h4 h5 18. gxh5 Rxh5 19. Rg1 Kf8 20. O-O-O Qd5 21. Kb1 Rf5
22. Be4 Qb3 23. Nd2 d3 24. Bxd3 Nd4 25. Qe3 Qa4 26. Nc4 Nc2 27. Bxc2 Qxc4 28.
Bh6 Ke8 29. Rxg7 1-0

[Event "CGC KO 2022"]
[Site "chess.com INT"]
[Date "2022.11.05"]
[Round "5.7"]
[White "Giri, Anish"]
[Black "Nihal, Sarin"]
[Result "1/2-1/2"]
[WhiteTitle "GM"]
[BlackTitle "GM"]
[WhiteElo "2764"]
[BlackElo "2677"]
[WhiteFideId "24116068"]
[BlackFideId "25092340"]
[EventDate "2022.09.14"]
[EventType "k.o."]

1. e4 e5 2. Nf3 Nc6 3. Bc4 Bc5 4. O-O Nf6 5. d3 O-O 6. Nbd2 d6 7. c3 a6 8. a4
Ba7 9. h3 h6 10. Re1 Re8 11. b4 Be6 12. Bxe6 Rxe6 13. Qc2 Qd7 14. Rb1 Ne7 15.
Nf1 Ng6 16. Ng3 b5 17. Ra1 Ree8 18. c4 c6 19. Bb2 Rad8 20. d4 bxc4 21. Qxc4 Qb7
22. dxe5 Nxe5 23. Bxe5 dxe5 24. Rac1 Re6 25. Red1 Rb8 26. Rb1 g6 27. Rd2 Kg7 28.
Rbb2 a5 29. b5 cxb5 30. Rxb5 Qa6 31. Qd3 Rxb5 32. axb5 Qb6 33. Qc4 Qc5 34. Qa4
Rb6 35. Qxa5 Rxb5 36. Qa1 Ra5 37. Qb1 1/2-1/2

[Event "CGC KO 2022"]
[Site "chess.com INT"]
[Date "2022.11.05"]
[Round "5.8"]
[White "Nihal, Sarin"]
[Black "Giri, Anish"]
[Result "1/2-1/2"]
[WhiteTitle "GM"]
[BlackTitle "GM"]
[WhiteElo "2677"]
[BlackElo "2764"]
[WhiteFideId "25092340"]
[BlackFideId "24116068"]
[EventDate "2022.09.14"]
[EventType "k.o."]

1. Nf3 d5 2. d4 Nf6 3. c3 c5 4. dxc5 e6 5. Be3 Nc6 6. b4 Be7 7. g3 Ng4 8. Bd2
O-O 9. Bg2 b6 10. h3 Nf6 11. cxb6 Qxb6 12. Be3 Qb8 13. Nbd2 a5 14. a3 e5 15. O-O
Rd8 16. Rb1 axb4 17. axb4 Qb5 18. Re1 Bf5 19. Ra1 h6 20. Rxa8 Rxa8 21. Qc1 Ra2
22. c4 dxc4 23. Qxc4 1/2-1/2